| 000 | 00782nas a2200217 4500 | ||
|---|---|---|---|
| 001 | 44914 | ||
| 021 | _b478358/20 | ||
| 090 | _a44914 | ||
| 100 | _a20201023a20209999m d0pory50030103ba | ||
| 101 | 0 | _apor | |
| 102 | _aPT | ||
| 200 | 1 |
_aCadernos de cultura, história & património de Aveiro _fCâmara Municipal de Aveiro |
|
| 210 | 9 |
_aAveiro _cCâmara Municipal de Aveiro, Divisão de Cultura e Turismo _d2020- |
|
| 215 | _d34 cm | ||
| 305 | _aISSN:2184-816 X | ||
| 532 | 1 | 3 | _aCadernos de cultura, história e património de Aveiro |
| 675 |
_a908(469.321)(051) _vBN _zpor |
||
| 712 | 0 | 2 |
_aAveiro. _bCâmara Municipal. _bDivisão de Cultura e Turismo |
| 801 | 0 |
_aPT _bBN _gRPC |
|
| 856 | 4 | 1 | _uhttp://rnod.bnportugal.gov.pt/ImagesBN/winlibimg.aspx?skey=&doc=2058088&img=198770&save=true |
| 990 | _cPERIODICOS | ||